[Event "Reykjavik op"]
[Site "Reykjavik"]
[Date "2024.03.20"]
[Round "8"]
[White "Mendes, Aaron Reeve"]
[Black "Brackmann, Hendrik"]
[Result "0-1"]
[WhiteElo "2309"]
[BlackElo "2037"]
[PlyCount "154"]
[EventDate "2024.03.15"]
[EventType "swiss"]
[EventRounds "9"]
[EventCountry "ISL"]
[SourceTitle "CB13_2024"]
[SourceDate "2024.03.27"]
[SourceVersion "1"]
[SourceVersionDate "2024.03.27"]
[SourceQuality "1"]

1. e4 e6 2. Nf3 d5 3. Nc3 Nf6 4. e5 Nfd7 5. d4 c5 6. Ne2 Nc6 7. c3 Be7 8. g3 0-0 9. Bg2 b5 10. 0-0 a5 11. Nf4 Nb6 12. h4 b4 13. Kh2 a4 14. a3 bxc3 15. bxc3 Na5 16. Rh1 Nb3 17. Ra2 Nc4 18. Ng5 h6 19. Ngh3 Nxc1 20. Qxc1 Bd7 21. Bf1 cxd4 22. Bxc4 dxc4 23. cxd4 Bc6 24. Rd1 Bf3 25. Rdd2 Qc7 26. Rac2 Rfc8 27. Rc3 Qc6 28. Rdc2 Bd5 29. Nxd5 exd5 30. Nf4 Rab8 31. Qh1 Rb5 32. Qf3 Qd7 33. Kg2 Rd8 34. Re2 Rb3 35. e6 fxe6 36. Nxe6 Rdb8 37. Nf4 Rxc3 38. Qxc3 Bxh4 39. gxh4 Rb3 40. Qc1 Qg4+ 41. Kf1 Rf3 42. Ng2 Rh3 43. Re8+ Kf7 44. Qf4+ Qxf4 45. Nxf4 Rf3 46. Re5 Rxf4 47. Rxd5 c3 48. h5 c2 49. Rc5 Rxd4 50. Rxc2 Rd3 51. Rc7+ Kf6 52. Rc5 Rxa3 53. Ra5 Ke6 54. Kg2 Kd6 55. Ra7 Kc5 56. Rxg7 Rc3 57. Rg6 Kb4 58. Rxh6 Rc5 59. Rb6+ Ka5 60. Rh6 a3 61. Rh8 Kb4 62. h6 a2 63. Rb8+ Rb5 64. Ra8 Ra5 65. Rb8+ Ka4 66. h7 a1Q 67. h8Q Rg5+ 68. Kf3 Qd1+ 69. Ke3 Qe1+ 70. Kf4 Qd2+ 71. Ke4 Qd5+ 72. Kf4 Rf5+ 73. Ke3 Qf3+ 74. Kd2 Rd5+ 75. Kc2 Qd1+ 76. Kb2 Rd2+ 77. Kc3 Qc2# 0-1

[Event "BCF-chT3W 2223 (4NCL)"]
[Site "England"]
[Date "2023.02.05"]
[Round "6.61"]
[White "Brackmann, Hendrik"]
[Black "Sajanani, Vikas"]
[Result "1-0"]
[WhiteElo "2064"]
[BlackElo "1927"]
[PlyCount "61"]
[EventDate "2022.10.22"]
[EventType "team-tourn"]
[EventRounds "11"]
[EventCountry "ENG"]
[SourceTitle "EXT 2024"]
[Source "ChessBase"]
[SourceDate "2023.10.10"]
[SourceVersion "1"]
[SourceVersionDate "2023.10.10"]
[SourceQuality "1"]
[WhiteTeam "Oxford II"]
[BlackTeam "Manchester Manticores"]
[WhiteTeamCountry "ENG"]
[BlackTeamCountry "ENG"]

1. e4 e5 2. Nf3 Nc6 3. Bc4 Bc5 4. c3 Nf6 5. d4 exd4 6. e5 d5 7. Bb5 Ne4 8. cxd4 Bb4+ 9. Nbd2 0-0 10. 0-0 Bg4 11. Qa4 Bxd2 12. Nxd2 Bd7 13. f4 a6 14. Bxc6 Bxc6 15. Qb3 Bb5 16. Re1 Qd7 17. a4 Bc6 18. Rf1 Qf5 19. Qf3 h5 20. h3 Bd7 21. Re1 Rfd8 22. Nf1 Qg6 23. Ne3 c6 24. f5 Qg3 25. Qf1 g6 26. Ra3 Qh4 27. f6 Kh7 28. Nd1 Rg8 29. Bf4 g5 30. Rxe4 dxe4 31. Bg3 1-0

[Event "BCF-chT3W 2223 (4NCL)"]
[Site "England"]
[Date "2023.02.04"]
[Round "5.51"]
[White "Burnett, Jim"]
[Black "Brackmann, Hendrik"]
[Result "0-1"]
[WhiteElo "2047"]
[BlackElo "2064"]
[PlyCount "140"]
[EventDate "2022.10.22"]
[EventType "team-tourn"]
[EventRounds "11"]
[EventCountry "ENG"]
[SourceTitle "EXT 2024"]
[Source "ChessBase"]
[SourceDate "2023.10.10"]
[SourceVersion "1"]
[SourceVersionDate "2023.10.10"]
[SourceQuality "1"]
[WhiteTeam "Chessable White Rose III"]
[BlackTeam "Oxford II"]
[WhiteTeamCountry "ENG"]
[BlackTeamCountry "ENG"]

1. d4 Nf6 2. c4 e6 3. Nf3 d5 4. Nc3 c5 5. cxd5 Nxd5 6. e4 Nxc3 7. bxc3 cxd4 8. cxd4 Bb4+ 9. Bd2 Bxd2+ 10. Qxd2 0-0 11. Bc4 Nd7 12. 0-0 b6 13. Rad1 Bb7 14. Rfe1 Rc8 15. Bd3 h6 16. Bb1 Qc7 17. e5 Qc3 18. Qf4 Rfd8 19. Re3 Qb2 20. Rb3 Qe2 21. Re1 g5 22. Rxe2 gxf4 23. Re1 Nb8 24. Rd1 Bxf3 25. gxf3 Nc6 26. Rbd3 Nxd4 27. Rxd4 Rxd4 28. Rxd4 Rc1+ 29. Kg2 Rxb1 30. Rxf4 Re1 31. Ra4 a5 32. f4 Re2 33. Ra3 Kg7 34. Rb3 Rxa2 35. Rxb6 Ra4 36. Kf3 Rb4 37. Ra6 a4 38. Ra7 Kg6 39. Kg3 Rb3+ 40. Kg2 a3 41. h3 h5 42. Kh2 h4 43. Kg2 Rc3 44. Kh2 Rc2 45. Kg2 a2 46. Kf3 Rb2 47. Kg2 Kg7 48. f5 exf5 49. e6 a1Q 50. Rxa1 fxe6 51. Ra4 e5 52. Rxh4 e4 53. Kg1 Kg6 54. Rh8 Kg5 55. Ra8 Rd2 56. Re8 Kf4 57. Rf8 Rd6 58. Rg8 Rh6 59. Kg2 Rh5 60. Rg7 Rg5+ 61. Rxg5 Kxg5 62. Kg3 f4+ 63. Kg2 Kh4 64. Kh2 f3 65. Kh1 Kxh3 66. Kg1 Kg4 67. Kf1 Kf4 68. Ke1 e3 69. Kf1 e2+ 70. Ke1 Kg4 0-1

[Event "BCF-chT3W 2223 (4NCL)"]
[Site "England"]
[Date "2022.10.22"]
[Round "1.21"]
[White "Brackmann, Hendrik"]
[Black "Mercs, Peter J"]
[Result "0-1"]
[WhiteElo "2070"]
[BlackElo "2069"]
[PlyCount "80"]
[EventDate "2022.10.22"]
[EventType "team-tourn"]
[EventRounds "11"]
[EventCountry "ENG"]
[SourceTitle "EXT 2024"]
[Source "ChessBase"]
[SourceDate "2023.10.10"]
[SourceVersion "1"]
[SourceVersionDate "2023.10.10"]
[SourceQuality "1"]
[WhiteTeam "Oxford II"]
[BlackTeam "Ashfield"]
[WhiteTeamCountry "ENG"]
[BlackTeamCountry "ENG"]

1. e4 c5 2. Nf3 d6 3. d4 cxd4 4. Nxd4 Nf6 5. Nc3 e6 6. g4 h6 7. Rg1 Nc6 8. Be3 a6 9. Qe2 Qc7 10. 0-0-0 Bd7 11. h4 0-0-0 12. g5 hxg5 13. hxg5 Nh5 14. g6 fxg6 15. Rxg6 Nf6 16. f4 Nxd4 17. Rxd4 Bc6 18. Bg2 e5 19. Rc4 b5 20. Nd5 Nxd5 21. exd5 bxc4 22. dxc6 d5 23. fxe5 Qa5 24. Qg4+ Kc7 25. Qg3 c3 26. Qf2 Qb4 27. bxc3 Qa3+ 28. Kd2 Rb8 29. Bxd5 Rb1 30. Rxg7+ Be7 31. Ke2 Rb2 32. Kf1 Rbb8 33. Bc5 Qc1+ 34. Qe1 Rbf8+ 35. Kg2 Qxc2+ 36. Bf2 Rxf2+ 37. Kg1 Rhf8 38. Rxe7+ Kd8 39. Rd7+ Kc8 40. Rg7 Rf1+ 0-1

[Event "Newcastle Northumbria Masters"]
[Site "Newcastle on Tyne"]
[Date "2022.08.28"]
[Round "4"]
[White "Brackmann, Hendrik"]
[Black "Cordova Lopez, Diego Anton"]
[Result "1-0"]
[WhiteElo "2092"]
[BlackElo "1726"]
[PlyCount "91"]
[EventDate "2022.08.26"]
[EventType "swiss"]
[EventRounds "9"]
[EventCountry "ENG"]
[SourceTitle "CBM 210 Extra"]
[Source "ChessBase"]
[SourceDate "2022.11.30"]
[SourceVersion "1"]
[SourceVersionDate "2022.11.30"]
[SourceQuality "1"]

1. e4 c5 2. Nf3 g6 3. d4 cxd4 4. Nxd4 Nc6 5. c4 Nf6 6. Nc3 d6 7. Be2 Nxd4 8. Qxd4 Bg7 9. Bg5 0-0 10. Qe3 a5 11. Rd1 Qc7 12. Bxf6 Bxf6 13. Nd5 Qc5 14. Nxf6+ exf6 15. Qd2 Rd8 16. 0-0 Be6 17. b3 f5 18. Bf3 a4 19. exf5 Qxf5 20. Bd5 axb3 21. axb3 Rab8 22. Qb4 Rd7 23. Bxe6 Qxe6 24. Rfe1 Qf6 25. Rd5 Ra8 26. g3 Ra2 27. Qb6 Re7 28. Rxe7 Qxe7 29. Qd4 Ra6 30. c5 h5 31. Rxd6 Rxd6 32. cxd6 Qd7 33. Qf6 Qc6 34. h4 Qc1+ 35. Kh2 Qd2 36. b4 b5 37. Qd8+ Kg7 38. Qb6 Qd3 39. Qc5 Qd2 40. Qe5+ Kg8 41. Kg2 Qc2 42. Qe8+ Kg7 43. d7 Qc6+ 44. Kh2 Qf3 45. Qe5+ Kh7 46. Qd4 1-0

[Event "Crawley e2e4 Gatwick op U2050"]
[Site "Crawley"]
[Date "2016.05.29"]
[Round "5"]
[White "Brackmann, Hendrik"]
[Black "Gardiner, Eric D"]
[Result "1-0"]
[WhiteElo "2044"]
[BlackElo "1924"]
[PlyCount "65"]
[EventDate "2016.05.27"]
[EventType "swiss"]
[EventRounds "7"]
[EventCountry "ENG"]
[SourceTitle "EXT 2019"]
[Source "ChessBase"]
[SourceDate "2018.10.10"]
[SourceVersion "1"]
[SourceVersionDate "2018.10.10"]
[SourceQuality "1"]

1. e4 e6 2. d4 d5 3. Nd2 Be7 4. Bd3 c5 5. dxc5 Nf6 6. Qe2 0-0 7. Ngf3 a5 8. 0-0 Na6 9. e5 Nd7 10. c4 Ndxc5 11. Bb1 dxc4 12. Nxc4 Nb4 13. Rd1 Qc7 14. Ng5 g6 15. Nxh7 Rd8 16. Nf6+ Bxf6 17. exf6 Rxd1+ 18. Qxd1 b5 19. Ne3 Bb7 20. Bd2 Qd8 21. Qg4 Qxf6 22. Bc3 e5 23. Bxb4 axb4 24. Qxb4 Qc6 25. Bc2 Rd8 26. Rc1 Nd3 27. Qd2 Nxc1 28. Qxd8+ Kg7 29. Qg5 Nxa2 30. Nf5+ Kf8 31. Qe7+ Kg8 32. Qd8+ Kh7 33. Qh4+ 1-0

[Event "Crawley e2e4 Gatwick op U2050"]
[Site "Crawley"]
[Date "2016.05.28"]
[Round "3"]
[White "Lanzer, Robert A"]
[Black "Brackmann, Hendrik"]
[Result "0-1"]
[WhiteElo "1877"]
[BlackElo "2044"]
[PlyCount "64"]
[EventDate "2016.05.27"]
[EventType "swiss"]
[EventRounds "7"]
[EventCountry "ENG"]
[SourceTitle "EXT 2019"]
[Source "ChessBase"]
[SourceDate "2018.10.10"]
[SourceVersion "1"]
[SourceVersionDate "2018.10.10"]
[SourceQuality "1"]

1. e4 c5 2. Nf3 Nc6 3. d4 cxd4 4. Nxd4 e5 5. Nb3 Nf6 6. Nc3 Bb4 7. Bd3 d5 8. exd5 Nxd5 9. Bd2 Nxc3 10. Bxc3 Bxc3+ 11. bxc3 0-0 12. 0-0 Qe7 13. Qe2 Be6 14. Rfe1 f5 15. Bb5 e4 16. Bxc6 bxc6 17. Nd4 Bd7 18. f3 c5 19. Qc4+ Kh8 20. Nb3 Bc6 21. Nxc5 Rac8 22. Nb3 Qg5 23. fxe4 Bxe4 24. Qe2 Rxc3 25. Nd4 Qf6 26. Qd2 Rfc8 27. Rab1 h6 28. Rb3 Rxc2 29. Nxc2 Rxc2 30. Rb8+ Kh7 31. Qd8 Rxg2+ 32. Kf1 Qa6+ 0-1

[Event "BCF-chT3Sa 1516 (4NCL)"]
[Site "England"]
[Date "2016.02.14"]
[Round "6.86"]
[White "Edgell, Ben P"]
[Black "Brackmann, Hendrik"]
[Result "1/2-1/2"]
[WhiteElo "2130"]
[BlackElo "2003"]
[PlyCount "129"]
[EventDate "2015.11.14"]
[EventType "team-swiss"]
[EventRounds "7"]
[EventCountry "ENG"]
[SourceTitle "EXT 2017"]
[Source "ChessBase"]
[SourceDate "2016.10.25"]
[SourceVersion "1"]
[SourceVersionDate "2016.10.25"]
[SourceQuality "1"]
[WhiteTeam "West is Best"]
[BlackTeam "Oxford II"]
[WhiteTeamCountry "ENG"]
[BlackTeamCountry "ENG"]

1. Nf3 c5 2. c4 Nc6 3. Nc3 Nf6 4. g3 g6 5. Bg2 Bg7 6. 0-0 0-0 7. d4 cxd4 8. Nxd4 Ng4 9. e3 d6 10. h3 Nge5 11. b3 Rb8 12. f4 Nxd4 13. exd4 Nc6 14. Be3 e5 15. fxe5 dxe5 16. d5 Nd4 17. Qd2 Qa5 18. Rad1 Qxc3 19. Qxc3 Ne2+ 20. Kh2 Nxc3 21. Rd2 f5 22. Bxa7 Ra8 23. Bc5 Rf7 24. a4 Ne4 25. Bxe4 fxe4 26. Rxf7 Kxf7 27. Re2 Ra6 28. g4 Rf6 29. Rxe4 Rf3 30. b4 Rf4 31. Rxf4+ exf4 32. Kg2 g5 33. b5 Bc3 34. Kf3 Ba5 35. Bd6 Ke8 36. Be5 Kd7 37. c5 Bc7 38. c6+ bxc6 39. dxc6+ Kd8 40. Bf6+ Ke8 41. Bxg5 Be6 42. Bxf4 Ba5 43. Ke4 Bb3 44. Kf5 Bxa4 45. Kg5 Bxb5 46. Kh6 Bd3 47. h4 Bb4 48. Be5 Bf8+ 49. Bg7 Bd6 50. Bd4 Kf7 51. h5 Bf8+ 52. Kg5 Ke6 53. c7 Kd7 54. Be5 Bc5 55. Bf4 Be7+ 56. Kh6 Bf8+ 57. Kg5 Bg7 58. Kh4 Bf6+ 59. Kg3 Bd4 60. g5 Bb6 61. g6 Bxg6 62. hxg6 hxg6 63. Kg4 Bxc7 64. Bxc7 Ke6 65. Bf4 1/2-1/2

[Event "Birmingham 4NCL op-A 7th"]
[Site "Birmingham"]
[Date "2016.01.31"]
[Round "5"]
[White "Brackmann, Hendrik"]
[Black "Mason, Donald"]
[Result "0-1"]
[WhiteElo "2003"]
[BlackElo "2162"]
[PlyCount "102"]
[EventDate "2016.01.29"]
[EventType "swiss"]
[EventRounds "5"]
[EventCountry "ENG"]
[SourceTitle "CBM 170 Extra"]
[Source "ChessBase"]
[SourceDate "2016.02.25"]
[SourceVersion "1"]
[SourceVersionDate "2016.02.25"]
[SourceQuality "1"]

1. e4 e6 2. d4 d5 3. Nd2 Nf6 4. e5 Nfd7 5. Bd3 c5 6. c3 Nc6 7. Ne2 cxd4 8. cxd4 f6 9. exf6 Nxf6 10. 0-0 Bd6 11. Nf3 Qc7 12. h3 0-0 13. Be3 Bd7 14. Rc1 Be8 15. Nc3 Bh5 16. Nb5 Qd7 17. Nxd6 Qxd6 18. Be2 Ne4 19. Re1 Qe7 20. Nd2 Bxe2 21. Qxe2 Qh4 22. Nxe4 Qxe4 23. b4 a6 24. Qd2 Rac8 25. Kf1 e5 26. dxe5 Qxe5 27. Bc5 Qh2 28. Qxd5+ Kh8 29. g3 Nxb4 30. Qg2 Qxg2+ 31. Kxg2 Nd3 32. Bxf8 Nxc1 33. Bc5 Nxa2 34. Ba3 b5 35. Ra1 Nc3 36. Bb4 Nd5 37. Ba5 Kg8 38. Rd1 Rc5 39. Be1 b4 40. Ra1 a5 41. Kf3 Kf7 42. Ke4 Ke6 43. Kd4 Kd6 44. Bd2 Kc6 45. f4 b3 46. Bxa5 b2 47. Rb1 Rxa5 48. Rxb2 Ra3 49. Re2 Kd6 50. Re8 Nf6 51. g4 Nxe8 0-1

[Event "London Classic CSC op 7th"]
[Site "London"]
[Date "2015.12.05"]
[Round "2"]
[White "Brackmann, Hendrik"]
[Black "Lundin, Jan"]
[Result "0-1"]
[WhiteElo "2038"]
[BlackElo "2230"]
[PlyCount "108"]
[EventDate "2015.12.04"]
[EventType "swiss"]
[EventRounds "5"]
[EventCountry "ENG"]
[SourceTitle "CBM 169 Extra"]
[Source "ChessBase"]
[SourceDate "2015.12.18"]
[SourceVersion "1"]
[SourceVersionDate "2015.12.18"]
[SourceQuality "1"]

1. e4 c6 2. d4 d5 3. e5 Bf5 4. Nf3 e6 5. Be2 Ne7 6. 0-0 Nd7 7. Nbd2 Bg6 8. Nb3 Nc8 9. a4 Be7 10. a5 a6 11. Be3 0-0 12. Nc5 Bxc5 13. dxc5 Bh5 14. Bd4 Ne7 15. Nh4 Bxe2 16. Qxe2 Ng6 17. Nxg6 fxg6 18. f4 Qe7 19. Qe3 Qh4 20. g3 Qh3 21. Qe2 Qh5 22. Qxh5 gxh5 23. h4 Rf7 24. Rf3 Nf8 25. Rb3 Rc8 26. Ra4 Rcc7 27. Rab4 Rfe7 28. Kg2 Ng6 29. Kh3 Rf7 30. Be3 h6 31. g4 hxg4+ 32. Kxg4 Kh7 33. h5 Nf8 34. Bf2 g6 35. Bh4 Nd7 36. Rc3 Rf5 37. hxg6+ Kxg6 38. Bd8 Rc8 39. Be7 Rf7 40. Bd6 h5+ 41. Kh4 Nf8 42. Rg3+ Kh6 43. Rgb3 Ng6+ 44. Kg3 Rg8 45. Kf3 Nh4+ 46. Ke3 Rg3+ 47. Kf2 Rxb3 48. cxb3 Kg6 49. Kg3 Nf5+ 50. Kf3 Rh7 51. Ra4 h4 52. Ra1 h3 53. Rh1 h2 54. Kg2 d4 0-1

[Event "BCF-chT3 1415 (4NCL)"]
[Site "England"]
[Date "2015.05.03"]
[Round "10.87"]
[White "Crombleholme, Alan K"]
[Black "Brackmann, Hendrik"]
[Result "1/2-1/2"]
[WhiteElo "2110"]
[BlackElo "2043"]
[PlyCount "51"]
[EventDate "2015.03.21"]
[EventType "team-swiss"]
[EventRounds "11"]
[EventCountry "ENG"]
[SourceTitle "EXT 2016"]
[Source "ChessBase"]
[SourceDate "2015.10.08"]
[SourceVersion "1"]
[SourceVersionDate "2015.10.08"]
[SourceQuality "1"]
[WhiteTeam "Surbiton"]
[BlackTeam "Oxford II"]
[WhiteTeamCountry "ENG"]
[BlackTeamCountry "ENG"]

1. Nf3 c5 2. b3 Nf6 3. Bb2 Nc6 4. e3 e6 5. Be2 Be7 6. 0-0 0-0 7. c4 b6 8. d3 Bb7 9. Nbd2 d5 10. Re1 Nd7 11. cxd5 exd5 12. a3 Bf6 13. Qc2 Rc8 14. Rec1 Re8 15. Bxf6 Qxf6 16. Qb1 Nd4 17. Bf1 Nb5 18. d4 Nd6 19. Ra2 Nf8 20. Rac2 Ne6 21. Qb2 Ne4 22. dxc5 Qxb2 23. Rxb2 Nxd2 24. Nxd2 bxc5 25. g3 Red8 26. Bg2 1/2-1/2

[Event "BCF-chT3S 1415 (4NCL)"]
[Site "England"]
[Date "2015.01.10"]
[Round "3.99"]
[White "Woodcock, Keith D"]
[Black "Brackmann, Hendrik"]
[Result "0-1"]
[WhiteElo "1659"]
[BlackElo "2042"]
[PlyCount "106"]
[EventDate "2014.11.15"]
[EventType "team-swiss"]
[EventRounds "6"]
[EventCountry "ENG"]
[SourceTitle "EXT 2016"]
[Source "ChessBase"]
[SourceDate "2015.10.08"]
[SourceVersion "1"]
[SourceVersionDate "2015.10.08"]
[SourceQuality "1"]
[WhiteTeam "Anglian Avengers III"]
[BlackTeam "Oxford II"]
[WhiteTeamCountry "ENG"]
[BlackTeamCountry "ENG"]

1. d4 Nf6 2. Nc3 d5 3. Bg5 Nbd7 4. e4 Nxe4 5. Nxe4 dxe4 6. f3 e3 7. Bxe3 g6 8. Bc4 Bg7 9. Qd2 0-0 10. h4 e5 11. h5 exd4 12. Bxd4 Nb6 13. Bxb6 Qxd2+ 14. Kxd2 axb6 15. c3 Bf5 16. Rd1 b5 17. Bb3 c5 18. g4 Rad8+ 19. Ke3 Rfe8+ 20. Kf2 Bd3 21. a3 c4 22. Ba2 Bf8 23. Kg3 Bd6+ 24. Kg2 Bf4 25. Ra1 Bc2 26. Rf1 Rd2+ 27. Rf2 Rxf2+ 28. Kxf2 Bd3 29. hxg6 hxg6 30. Rh4 Be3+ 31. Kg2 Bxg1 32. Kxg1 Re1+ 33. Kf2 Ra1 34. Ke3 Rxa2 35. Rh2 Ra1 36. Kd4 Rf1 37. Ke3 Kg7 38. f4 Re1+ 39. Kf3 Rc1 40. Ke3 Rc2 41. Rxc2 Bxc2 42. g5 Kf8 43. Kd4 Ke7 44. Kc5 Ba4 45. Kd5 b6 46. Ke5 Bc2 47. Kd5 Bf5 48. Kc6 Bd7+ 49. Kd5 Be8 50. Ke5 Bc6 51. f5 Bb7 52. fxg6 fxg6 53. Kf4 Ke6 0-1